Municipalities of Grant County, Wisconsin - Statistics

General Stats
  • This quiz has been taken 113 times
  • The average score is 27 of 55
Answers on the Map
Answers color-coded by a green-red scale on the quiz's map according to % correct below.
 
Answer Stats
Answer % Correct
City of Cuba City
92%
City of Platteville
92%
Town of Hazel Green
92%
Town of Platteville
92%
Village of Hazel Green
92%
City of Boscobel
85%
City of Lancaster
85%
Town of Boscobel
85%
Village of Dickeyville
85%
City of Fennimore
77%
Town of Fennimore
77%
Town of Muscoda
77%
Village of Muscoda
77%
Town of Cassville
69%
Town of Potosi
69%
Village of Blue River
69%
Village of Cassville
69%
Village of Montfort
69%
Village of Potosi
69%
Census Designated Place of Kieler
62%
Town of Bloomington
62%
Town of Woodman
62%
Village of Bagley
62%
Village of Bloomington
62%
Village of Woodman
62%
Town of Mount Hope
54%
Town of Patch Grove
54%
Village of Mount Hope
54%
Village of Patch Grove
54%
Village of Tennyson
54%
Census Designated Place of Glen Haven
46%
Town of Glen Haven
46%
Town of Beetown
38%
Town of Jamestown
38%
Village of Livingston
38%
Town of Mount Ida
31%
Town of Wyalusing
31%
Census Designated Place of Sandy Hook
23%
Town of North Lancaster
23%
Town of Paris
23%
Town of South Lancaster
23%
Town of Waterloo
23%
Town of Ellenboro
15%
Town of Hickory Grove
15%
Town of Millville
15%
Town of Castle Rock
8%
Town of Clifton
8%
Town of Harrison
8%
Town of Liberty
8%
Town of Lima
8%
Town of Little Grant
8%
Town of Marion
8%
Town of Smelser
8%
Town of Watterstown
8%
Town of Wingville
8%
No matching quizzes found
Score Distribution
Percent of People with Each Score
Percentile by Number Answered
Your Score History
You have not taken this quiz